Citizens and communities in the 21st century : (Record no. 254)

MARC details
000 -LEADER
fixed length control field 01196cam a2200301 a 4500
001 - CONTROL NUMBER
control field 11971005
003 - CONTROL NUMBER IDENTIFIER
control field OSt
005 - DATE AND TIME OF LATEST TRANSACTION
control field 20230605095728.0
008 - FIXED-LENGTH DATA ELEMENTS--GENERAL INFORMATION
fixed length control field 991109s1999 gw abo b 000 0 eng d
010 ## - LIBRARY OF CONGRESS CONTROL NUMBER
LC control number 00348360
020 ## - INTERNATIONAL STANDARD BOOK NUMBER
International Standard Book Number 393371432X
040 ## - CATALOGING SOURCE
Original cataloging agency CBG
Transcribing agency CBG
Modifying agency DLC
042 ## - AUTHENTICATION CODE
Authentication code lccopycat
050 00 - LIBRARY OF CONGRESS CALL NUMBER
Classification number JS113
Item number .C57 1999
082 ## - DEWEY DECIMAL CLASSIFICATION NUMBER
Classification number 323.01
Item number STI
245 00 - TITLE STATEMENT
Title Citizens and communities in the 21st century :
Remainder of title development of local government in the international co-operation activities of the Konrad Adenauer Foundation.
246 30 - VARYING FORM OF TITLE
Title proper/short title Development of local government in the international co-operation activities of the Konrad Adenauer Foundation
260 ## - PUBLICATION, DISTRIBUTION, ETC. (IMPRINT)
Place of publication, distribution, etc. Cologne, Germany :
Name of publisher, distributor, etc. Konrad-Adenauer-Stiftung
Date of publication, distribution, etc. 1999.
300 ## - PHYSICAL DESCRIPTION
Extent 43 p. :
Other physical details ill., map ;
Dimensions 28 cm.
504 ## - BIBLIOGRAPHY, ETC. NOTE
Bibliography, etc Includes bibliographical references (p. 42-43).
610 20 - SUBJECT ADDED ENTRY--CORPORATE NAME
Corporate name or jurisdiction name as entry element Konrad-Adenauer-Stiftung.
650 #0 - SUBJECT ADDED ENTRY--TOPICAL TERM
Topical term or geographic name as entry element Local government
General subdivision International cooperation.
650 #0 - SUBJECT ADDED ENTRY--TOPICAL TERM
Topical term or geographic name as entry element Decentralization in government
General subdivision International cooperation.
710 2# - ADDED ENTRY--CORPORATE NAME
Corporate name or jurisdiction name as entry element Konrad-Adenauer-Stiftung.
906 ## - LOCAL DATA ELEMENT F, LDF (RLIN)
a 7
b cbc
c copycat
d 3
e ncip
f 20
g y-gencatlg
942 ## - ADDED ENTRY ELEMENTS (KOHA)
Source of classification or shelving scheme Dewey Decimal Classification
Koha item type Books
Holdings
Withdrawn status Lost status Source of classification or shelving scheme Damaged status Not for loan Home library Current library Date acquired Total Checkouts Full call number Barcode Date last seen Price effective from Koha item type
    Dewey Decimal Classification     Bunge Tower Library Bunge Tower Library 06/05/2023   323.01 STI 100081 06/05/2023 06/05/2023 Books
    Dewey Decimal Classification     Bunge Tower Library Bunge Tower Library 06/05/2023   323.01 STI 100082 06/05/2023 06/05/2023 Books
LIBRARY OPENING HOURS

When the Parliament is sitting: 8.00a.m - 7.00p.m or until the house adjourns
Mondays and Fridays and when the House is on Recess:  8.00a.m - 5.00p.m
Closed on Weekends and Public Holidays

Online Public Access Catalog (OPAC)
Website: http://www.parliament.go.ke
Bunge Library: https://libraryir.parliament.go.ke
Contact: library@parliament.go.ke | Tel no: (254-2)2221291 or 2848000 Ext 5043